000 01174cam a2200337 a 4500
001 11957735
003 OSt
005 20140310184332.0
008 000329s2000 nyu c 000 1 eng
010 _a 00038232
020 _a0399231420
040 _aDLC
_cDLC
_dDLC
042 _alcac
050 0 0 _aPZ 7
_b.B32615 2003
100 1 _aBauer, Joan,
_d1951-
_923895
245 1 0 _aHope was here /
_cJoan Bauer.
260 _aNew York :
_bPutnam,
_c2003.
300 _a186 p. :
_c22 cm.
521 _aG5
526 _c710
650 1 _aDiners (Restaurants)
_vFiction.
_923896
650 1 _aPolitics, Practical
_vFiction.
_923897
650 1 _aCancer
_vFiction.
_923898
856 4 2 _3Contributor biographical information
_uhttp://www.loc.gov/catdir/enhancements/fy1004/00038232-b.html
856 4 2 _3Publisher description
_uhttp://www.loc.gov/catdir/enhancements/fy1004/00038232-d.html
906 _a7
_bcbc
_corignew
_d1
_eocip
_f20
_gy-gencatlg
942 _2lcc
_cBK-SCHOLAS
999 _c33680
_d33680